| 000 | 00969nam a2200265 i 4500 | ||
|---|---|---|---|
| 001 | bg | ||
| 245 | 1 | 0 |
_aLinux : _bagresja i ochrona : [podręcznik hakera] / _c[przekł. z ang. Adrian Bojczuk, Adam Podstawczyński, Zbigniew Koza]. |
| 246 |
_iTyt. oryg.: _aMaximum security: a hacker's guide to protecting your Linux |
||
| 260 |
_aWrocław : _b"Robomatic", _ccop. 2000. |
||
| 300 |
_a514 s. : _brys. ; _c24 cm + _eCD ROM. |
||
| 500 | _aTyt. oryg.: "Maximum security: a hacker's guide to protecting your Linux". | ||
| 504 | _aIndeks. | ||
| 650 | 9 | _aLinux | |
| 650 | 9 |
_aPrzestępstwo komputerowe _xzapobieganie i zwalczanie |
|
| 650 | 9 |
_aInternet _xochrona |
|
| 655 | _aPodręczniki | ||
| 020 | _a838715041X | ||
| 040 | _cBPK | ||
| 041 | 1 |
_apl _hen |
|
| 080 | _a004.451:004.738.5:004.056](07) | ||
| 920 | _a83-87150-41-X | ||
| 942 | _cKS | ||
| 008 | s pl f |000 0 pol | ||
| 999 |
_c40047 _d40047 |
||